LEGO City Sets by Picture - Statistics

General Stats
  • This quiz has been taken 19 times
  • The average score is 9 of 16
Answer Stats
Picture Answer % Correct
Jungle Explorer Water Plane
81%
Red Double-Decker Sightseeing Bus
81%
Jungle Explorer Helicopter at Base Camp
75%
Jungle Explorer Off-Road Truck
75%
Passenger Airplane
75%
Yellow Construction Excavator
69%
Yellow Mobile Construction Crane
69%
Robot World Roller-Coaster Park
56%
Tow Truck and Sports Car Repair
56%
Downtown Streetcar and Station
44%
Freight Train
44%
Seaside Harbor with Cargo Ship
38%
Car Transporter Truck with Sports Cars
31%
Express Passenger Train
31%
Yellow Delivery Truck
31%
Jungle Explorer ATV Red Panda Mission
25%
No matching quizzes found
Score Distribution
Percent of People with Each Score
Percentile by Number Answered
Your Score History
You have not taken this quiz